LEADER 01215nam a2200313 a 4500 001 000000123546 003 CaOOAMICUS 005 20101027102740.0 008 101027t2009 it a u000 u ita r 020 $a978-88-370-6972-8 040 $aPUL$bita 082 04$a703 100 1 $aAlvarez González, Marta.$0(OLS)http://pul/name/77824 245 10$aDonne /$cMarta Alvarez González Simona Bartolena. 260 $aMilano :$bElecta,$c©2009. 300 $a383 p. :$bill. ;$c20 cm. 490 1 $aDizionari dell'arte 504 $aInclude bibliografia ed indice. 650 4$aDonna$xIconografia.$0(OLS)http://pul/subject/37278 700 1 $aBartolena, Simona.$0(OLS)http://pul/name/77825 830 2$aI dizionari dell'arte.$0(OLS)http://pul/title/93900 850 $aPUL 852 $aPUL$W1$xSL Cons. Gen., Altre Classi 3$y75$m703 COLL 1.17$j142215$qDDC 21$B141196$CPULBib$Z2$F141196 $H115058 $82 941 1 $a9 996 $6020$a978-88-370-6972-8$9(OLS)http://pul/number/145736 996 $6082$a703$9(OLS)http://pul/classification/1705 996 $6245$aDonne$9(OLS)http://pul/title/155698 996 $6260$aMilano :$bElecta$9(OLS)http://pul/publisher/48480 LEADER 01292nam a2200301 a 4500 001 000000136490 003 CaOOAMICUS 005 20131128133139.0 008 131128s1992 it u000 u ita r 040 $aPUL$bita 041 1 $aita$hger 100 1 $aKafka, Franz,$d1883-1924.$0(OLS)http://pul/name/75427 245 13$aIl processo /$cFrank Kafka ; traduzione di Ervinio Pocar. 260 $aMilano :$bArnoldo Mondadori,$c1992. 300 $a2 v. ;$c20 cm 500 $aSuppl. al. n. 42-43 de Il Sabato. 505 0 $aV. 1. Il processo / Frank Kafka ; traduzione di Ervinio Pocar ; introduzione di Luca Doninelli. 700 1 $aPocar, Ervino,$d1892-1981.$0(OLS)http://pul/name/13830 700 1 $aDoninelli, Luca.$0(OLS)http://pul/name/87918 850 $aPUL 852 $aPUL$W1$xDP1 Fondo E. Rossi$y115$m2 D 60.1$j157213$av. 1$qFondi$B156684$CPULBib$Z2$F156684 $82 852 $aPUL$W1$xDP1 Fondo E. Rossi$y115$m2 D 60.2$j157214$av. 2$qFondi$B156685$CPULBib$Z2$F156685 $82 941 1 $a1 961 $aSul dorso collocazione ms. di E. Rossi: IV 50 1 961 $aSul dorso collocazione ms. di E. Rossi: IV 50 1' 996 $6245$aIl processo$9(OLS)http://pul/title/172717 996 $6260$aMilano :$bArnoldo Mondadori$9(OLS)http://pul/publisher/60431